Relaciones económicas América Latina-CEE 1984 - 1985: posibilidades de cambio en un contexto mundial en transformación

Đã lưu trong:
Chi tiết về thư mục
Tác giả của công ty: SELA
Định dạng: Texto
Được phát hành: Caracas: SELA
Các nhãn: Thêm thẻ
Không có thẻ, Là người đầu tiên thẻ bản ghi này!

MARC

LEADER 00000 a a2200000 04500
001 24367
003
040
090 |a 172700  
110 |a SELA  
245 |a Relaciones económicas América Latina-CEE 1984 - 1985: posibilidades de cambio en un contexto mundial en transformación  
260 |a Caracas:   |b SELA  
300 |a 153 p   |b **no definido**  
999 |c 17345  |d 17345